00683nam a2200241 a 4500001001300000003000900013005001700022008004100039020001300080082002000093100001900113245002800132260003500160300000900195500003500204505001300239650001900252700001900271902000800290942000700298952012100305999001500426nice12345678IN_TiNIC20260116012504.0050524s1960 atla grp 000 0 eng  ac291.5500a266.009519bOGL aOgle, George E aLiberty to the Captives aAtlantabJohn Knox Pressc1960 a188p aincludes index and biblioraphy2 aEpilogue aMissions-Korea1 aOgle, George E bSRS cBK 001040708StackRoom-aHMIbHMId2007-07-11g291.55l0o266.009519 OGLp012633r2007-07-11v291.55w2005-05-24yBK c7205d7205